Statistical methods for Psychology

Guardado en:
Detalles Bibliográficos
Autor principal: Howell, David C (Autor)
Formato: Libro
Lenguaje:inglés
Publicado: Belmont Wadsworth 2013
Edición:8a. ed
Materias:
Etiquetas: Agregar Etiqueta
Sin Etiquetas, Sea el primero en etiquetar este registro!

MARC

LEADER 00000cam a2200000 a 4500
001 UCE9570
003 CL-VaPUC
008 151029e20130000us |||||||||||||||||eng|d
020 |a 9781111835484 
082 0 4 |a 150.727  |b HOW  |2 21 
100 |a Howell, David C  |e author  |9 582445 
245 1 0 |a Statistical methods for Psychology 
250 |a 8a. ed 
300 |a 770 p 
942 |c BK 
945 |d 20151029 22:28:00  |a dcastane 
260 |a Belmont  |b Wadsworth  |c 2013 
650 0 |a Psicometría  |9 260694 
650 0 |a Estadística matemática  |9 260028 
650 0 |a Métodos estadísticos   |9 259407 
650 0 |a Análisis de varianza   |9 336938 
583 |a last modification  |c 20151029 22:28:00  |k Rodrigo Vera 
999 |c 361234  |d 361232 
952 |0 0  |1 0  |3 erd  |4 0  |6 150_727000000000000_HOW_2013  |7 0  |8 A  |9 471632  |a BIBEDU  |b BIBEDU  |i 5245125  |o 150.727 HOW 2013  |p 5245125  |r 2019-11-24  |w 2019-11-24  |y BK  |z Catalogado en:20151029  |k LIT